[Event "19th Asia-ch (w)"]
[Site "Al-Ain UAE"]
[Date "2015.08.05"]
[Round "4.27"]
[White "Al-Maamari, Wafa Darwish"]
[Black "Ankhchimeg, Bayanmunkh"]
[Result "0-1"]
[WhiteElo "1500"]
[BlackElo "2180"]
[EventDate "2015.08.02"]
[PlyCount "102"]

1.e4 c5 2.Nf3 Nc6 3.d4 cxd4 4.Nxd4 e6 5.c4 Nf6 6.Nc3 d6 7.Be2 Be7 8.Be3 
O-O 9.O-O a6 10.Qd2 Qc7 11.Rac1 Rb8 12.a3 b6 13.b4 Bb7 14.f3 Ne5 15.Rfd1 
Ba8 16.Na4 Qd7 17.b5 Rfc8 18.Nb3 Qa7 19.Qd4 Ned7 20.Nc3 a5 21.Na4 Qc7 22.
Qc3 Qd8 23.Qe1 Qf8 24.Qf2 Bd8 25.Bf4 Bc7 26.Rd2 d5 27.Bxc7 Rxc7 28.exd5 
Qxa3 29.dxe6 fxe6 30.Nxb6 Nxb6 31.Rcd1 Nfd7 32.Nd4 Qe7 33.Rc1 Rbc8 34.Rdc2
e5 35.Nf5 Qc5 36.Qxc5 Nxc5 37.Rd1 g6 38.Nh6+ Kg7 39.Ng4 e4 40.fxe4 Bxe4 
41.Rcd2 a4 42.Rd6 Nbd7 43.Nf2 Nf6 44.Nxe4 Nfxe4 45.R6d4 Nc3 46.Re1 Re8 47.
Kf2 Rce7 48.Rd2 Rxe2+ 49.Rdxe2 Nxe2 50.Rxe2 a3 51.Kf3 a2 0-1

[Event "19th Asia-ch (w)"]
[Site "Al-Ain UAE"]
[Date "2015.08.05"]
[Round "4.28"]
[White "Al-Harmoudi, Mona"]
[Black "Al-Dhaffari, Salma"]
[Result "0-1"]
[WhiteElo "1745"]
[BlackElo "1655"]
[EventDate "2015.08.02"]
[PlyCount "62"]

1.d4 Nf6 2.c4 e6 3.Nc3 Bb4 4.e3 b6 5.Ne2 Bb7 6.a3 Bxc3+ 7.Nxc3 d6 8.b4 Ne4
9.Nxe4 Bxe4 10.Qg4 Bg6 11.Bb2 O-O 12.g3 Nd7 13.Bg2 Rc8 14.O-O Bd3 15.Rfc1 
f5 16.Qd1 Be4 17.Bxe4 fxe4 18.d5 e5 19.Qc2 Qf6 20.Ra2 Qf3 21.Ba1 Qg4 22.
Qa4 Qh3 23.Qd1 Rf3 24.Qf1 Qf5 25.Qg2 Nf6 26.h3 Rf8 27.Rf1 h5 28.Kh2 Nh7 
29.Bc3 Rxe3 30.fxe3 Qxf1 31.Qxe4 Ng5 0-1

[Event "19th Asia-ch (w)"]
[Site "Al-Ain UAE"]
[Date "2015.08.06"]
[Round "5.1"]
[White "Pourkashiyan, Atousa"]
[Black "Vijayalakshmi, Subbaraman"]
[Result "1/2-1/2"]
[WhiteElo "2341"]
[BlackElo "2341"]
[EventDate "2015.08.02"]
[PlyCount "99"]

1.e4 c5 2.Nf3 e6 3.d4 cxd4 4.Nxd4 Nf6 5.Nc3 Nc6 6.Ndb5 Bb4 7.a3 Bxc3+ 8.
Nxc3 d5 9.exd5 exd5 10.Bd3 O-O 11.O-O d4 12.Ne2 Bg4 13.f3 Bh5 14.Bg5 Qd6 
15.Qd2 Rad8 16.Rad1 Rfe8 17.Kh1 Bg6 18.Ng3 h6 19.Bh4 Bxd3 20.cxd3 Ne7 21.
Ne4 Nxe4 22.fxe4 Rd7 23.Bg3 Qe6 24.Rc1 Nc6 25.Qd1 a6 26.Qa4 f6 27.h3 Kh7 
28.Rf5 Rf8 29.Rcf1 Rdf7 30.Qd1 Ne7 31.R5f2 f5 32.Qh5 Kg8 33.Qe2 g5 34.Bh2 
f4 35.Qh5 Qg6 36.Qxg6+ Nxg6 37.g3 Ne5 38.gxf4 Nxd3 39.Rd2 Nxf4 40.Bxf4 
Rxf4 41.Rxf4 Rxf4 42.Rxd4 Rf2 43.Rb4 Rf7 44.Rb6 Kg7 45.Kg2 h5 46.Kg3 Re7 
47.Kf3 Rf7+ 48.Kg3 Re7 49.Kf3 Rf7+ 50.Kg3 1/2-1/2

[Event "19th Asia-ch (w)"]
[Site "Al-Ain UAE"]
[Date "2015.08.06"]
[Round "5.2"]
[White "Padmini, Rout"]
[Black "Aulia, Medina Warda"]
[Result "0-1"]
[WhiteElo "2444"]
[BlackElo "2412"]
[EventDate "2015.08.02"]
[PlyCount "154"]

1.e4 e6 2.d4 d5 3.Nc3 Bb4 4.e5 c5 5.a3 Bxc3+ 6.bxc3 Qc7 7.Nf3 Ne7 8.a4 b6 
9.Bb5+ Bd7 10.Bd3 Nbc6 11.O-O h6 12.Re1 Na5 13.Nh4 c4 14.Bf1 g5 15.Nf3 Nf5
16.h3 O-O-O 17.Nh2 Rdg8 18.Ng4 Rg6 19.Nf6 Bc6 20.Be2 Qd8 21.Nh5 Qd7 22.Bg4
Bxa4 23.Ra2 Bc6 24.f4 gxf4 25.Bxf4 Qd8 26.Qf3 Ng7 27.Nf6 h5 28.Bxh5 Nxh5 
29.Nxh5 Qh4 30.Ng3 Rhg8 31.Kh2 Bd7 32.Rf1 Nc6 33.Rf2 Rh8 34.Ne2 f5 35.exf6
Rxf6 36.Bg3 Rxf3 37.Bxh4 Rxf2 38.Bxf2 Kb7 39.Nf4 a5 40.Be3 Ne7 41.Ne2 Be8 
42.g4 Ng6 43.Kg3 Rh7 44.Bg5 e5 45.h4 exd4 46.cxd4 Kc6 47.h5 Ne7 48.Ng1 Nc8
49.Nf3 Nd6 50.Ne5+ Kb7 51.Be3 Ne4+ 52.Kh4 a4 53.h6 Nd6 54.Bf4 Nf7 55.g5 
Nxe5 56.Bxe5 Bg6 57.c3 Rf7 58.Rxa4 Rf3 59.Ra2 Rxc3 60.Rf2 Rc1 61.Rf6 Rh1+ 
62.Kg3 Be4 63.Kf2 c3 64.Bf4 c2 65.g6 Rh4 66.Bg5 Rh2+ 67.Ke1 Rg2 68.Bf4 Bd3
69.Re6 Rg1+ 70.Kf2 Rf1+ 71.Kg3 Rxf4 72.h7 Rh4 73.Kxh4 c1=Q 74.Kh5 Qh1+ 75.
Kg5 Qg2+ 76.Kf4 Qh2+ 77.Kg5 Qg3+ 0-1

[Event "19th Asia-ch (w)"]
[Site "Al-Ain UAE"]
[Date "2015.08.06"]
[Round "5.3"]
[White "Soumya, Swaminathan"]
[Black "Lei Tingjie"]
[Result "0-1"]
[WhiteElo "2325"]
[BlackElo "2436"]
[EventDate "2015.08.02"]
[PlyCount "124"]

1.e4 c5 2.Nf3 e6 3.d4 cxd4 4.Nxd4 Nc6 5.Nc3 Qc7 6.Be2 a6 7.O-O b5 8.a3 Bb7
9.Be3 Nf6 10.f4 Bc5 11.Qd3 b4 12.axb4 Nxb4 13.Qc4 Rc8 14.Qb3 Nxe4 15.Nxe4 
Bxe4 16.Bxa6 Nxa6 17.Rxa6 O-O 18.Rf2 Rb8 19.Qc3 Rfc8 20.Ra2 Qd6 21.Qd2 
Bxd4 22.Qxd4 Qxd4 23.Bxd4 Bxc2 24.Rd2 Be4 25.Be5 Rb7 26.Bd6 Bd5 27.Ra3 f6 
28.b4 Rc6 29.Bc5 d6 30.Be3 Rxb4 31.f5 Rb7 32.Bf4 e5 33.Bxe5 fxe5 34.Rxd5 
Kf7 35.Kf2 Ke7 36.g4 Rcb6 37.h4 Rb2+ 38.Kf3 R2b3+ 39.Rd3 Rxd3+ 40.Rxd3 h5 
41.g5 Rb4 42.Ra3 Rxh4 43.Ra7+ Kf8 44.Ra8+ Kf7 45.Ra7+ Kg8 46.g6 Rf4+ 47.
Ke3 Rxf5 48.Rd7 Kf8 49.Rxd6 Ke7 50.Ra6 h4 51.Ke4 Rh5 52.Kd5 e4+ 53.Kxe4 h3
54.Ra1 h2 55.Rh1 Kf6 56.Kf4 Kxg6 57.Kg4 Rh8 58.Kf4 Rh4+ 59.Kg3 Kg5 60.Kf3 
Rh3+ 61.Kf2 Kg4 62.Kg2 Rg3+ 0-1

[Event "19th Asia-ch (w)"]
[Site "Al-Ain UAE"]
[Date "2015.08.06"]
[Round "5.4"]
[White "Karavade, Eesha"]
[Black "Hejazipour, Mitra"]
[Result "0-1"]
[WhiteElo "2409"]
[BlackElo "2321"]
[EventDate "2015.08.02"]
[PlyCount "104"]

1.d4 Nf6 2.c4 e6 3.g3 c5 4.Nf3 cxd4 5.Nxd4 Nc6 6.Nc3 Qb6 7.Ndb5 Ne5 8.Bg2 
a6 9.Qa4 Rb8 10.Be3 Bc5 11.Bxc5 Qxc5 12.Qa3 Qxa3 13.Nxa3 d6 14.O-O Ke7 15.
Rfd1 Bd7 16.Rd4 Bc6 17.Rad1 Rhd8 18.h3 g5 19.e4 h5 20.Nc2 g4 21.h4 Rbc8 
22.Ne3 Be8 23.Kf1 b5 24.cxb5 axb5 25.Ke2 Nc6 26.R4d2 Rb8 27.Ke1 b4 28.Ne2 
Ne5 29.Nd4 Ra8 30.b3 Ra6 31.Rc1 Rda8 32.Rcc2 R8a7 33.Kd1 Nfd7 34.Nc4 Nxc4 
35.Rxc4 Ne5 36.Rcc2 Ra5 37.Ke2 Rc5 38.Ke3 Rac7 39.Bf1 Rc3+ 40.Rxc3 Rxc3+ 
41.Bd3 f6 42.Ke2 Bg6 43.Bc2 Rc5 44.Ke3 Kd7 45.Re2 Rc3+ 46.Kd2 d5 47.Re3 
Rc5 48.Kd1 Ra5 49.Re2 Nf3 50.Nxf3 gxf3 51.Rd2 Rxa2 52.Kc1 Bxe4 0-1

[Event "19th Asia-ch (w)"]
[Site "Al-Ain UAE"]
[Date "2015.08.06"]
[Round "5.5"]
[White "Saduakasova, Dinara"]
[Black "Gomes, Mary Ann"]
[Result "1/2-1/2"]
[WhiteElo "2401"]
[BlackElo "2314"]
[EventDate "2015.08.02"]
[PlyCount "44"]

1.d4 Nf6 2.c4 e6 3.Nf3 Bb4+ 4.Bd2 Qe7 5.g3 Bxd2+ 6.Qxd2 Nc6 7.b3 d5 8.Bg2 
O-O 9.O-O dxc4 10.bxc4 Rd8 11.Qb2 Rb8 12.e3 b6 13.Qa3 Bb7 14.Rd1 Ne4 15.
Qxe7 Nxe7 16.Nbd2 Nxd2 17.Nxd2 Bxg2 18.Kxg2 Nc6 19.f4 Na5 20.Kf3 c5 21.
dxc5 bxc5 22.Ne4 Nxc4 1/2-1/2

[Event "19th Asia-ch (w)"]
[Site "Al-Ain UAE"]
[Date "2015.08.06"]
[Round "5.6"]
[White "Pratyusha, Bodda"]
[Black "Li Ruofan"]
[Result "1/2-1/2"]
[WhiteElo "2194"]
[BlackElo "2374"]
[EventDate "2015.08.02"]
[PlyCount "106"]

1.d4 Nf6 2.c4 e6 3.Nc3 Bb4 4.Qc2 O-O 5.Nf3 d5 6.cxd5 exd5 7.Bf4 c6 8.h3 
Re8 9.e3 Nbd7 10.Bd3 Nf8 11.O-O Ng6 12.Bh2 Bd6 13.Bxd6 Qxd6 14.Rab1 Qe7 
15.b4 a6 16.a4 Ne4 17.b5 axb5 18.axb5 Nh4 19.Nxh4 Qxh4 20.bxc6 bxc6 21.
Rfc1 Nxc3 22.Qxc3 Ba6 23.Bxa6 Rxa6 24.Qb3 g6 25.Rb2 Qe7 26.Qb7 Qxb7 27.
Rxb7 h5 28.Rc7 Re6 29.Kf1 h4 30.Rc2 g5 31.Ke2 Rf6 32.Rb2 Ra1 33.Rc2 Rg1 
34.R7xc6 Rf5 35.R6c5 Rxg2 36.Kf1 Rg3 37.Rxd5 Rf6 38.Rcc5 Rxe3 39.Rxg5+ Kf8
40.Rc8+ Ke7 41.Rc7+ Kf8 42.Rc6 Rf4 43.d5 Ref3 44.Rc2 Rd3 45.Kg2 Ke7 46.
Re2+ Kf6 47.Rh5 Kg6 48.Rhe5 f6 49.R5e4 Rxe4 50.Rxe4 Kg5 51.Rg4+ Kh5 52.Rf4
Kg5 53.Rg4+ Kh5 1/2-1/2

[Event "19th Asia-ch (w)"]
[Site "Al-Ain UAE"]
[Date "2015.08.06"]
[Round "5.7"]
[White "Wang Jue"]
[Black "Davletbaeva, Madina"]
[Result "1/2-1/2"]
[WhiteElo "2360"]
[BlackElo "2243"]
[EventDate "2015.08.02"]
[PlyCount "151"]

1.e4 e5 2.Nf3 Nc6 3.Bb5 a6 4.Ba4 Nf6 5.O-O Nxe4 6.d4 b5 7.Bb3 d5 8.dxe5 
Be6 9.Nbd2 Be7 10.c3 O-O 11.Bc2 f5 12.Nb3 Qd7 13.Nbd4 Nxd4 14.Nxd4 c5 15.
Ne2 Rad8 16.Nf4 Kh8 17.Qh5 Bf7 18.e6 Bxh5 19.exd7 Bf7 20.f3 Nf6 21.Re1 
Rxd7 22.Bxf5 Rb7 23.Ne6 Re8 24.Bf4 Nh5 25.Ng5 Bg8 26.Bd2 Rf8 27.Be6 h6 28.
Bxg8 Kxg8 29.Ne6 Re8 30.g4 Bh4 31.Re5 Nf6 32.Nxc5 Rxe5 33.Nxb7 Re2 34.Rd1 
Nd7 35.Bf4 Rxb2 36.Rxd5 Nb6 37.Rd2 Rb1+ 38.Kg2 Nc4 39.Re2 Bf6 40.Nc5 Bxc3 
41.Nxa6 Nb2 42.Nc7 Nd3 43.Nd5 b4 44.Bd6 Rd1 45.Kh3 Kh7 46.a3 Nc1 47.Nxc3 
Rxd6 48.Rc2 Nd3 49.axb4 Nxb4 50.Ne4 Nxc2 51.Nxd6 g5 52.Kg3 Nd4 53.Kf2 Kg6 
54.Ke3 Ne6 55.Ke4 Nc5+ 56.Kd4 Ne6+ 57.Ke5 Nc5 58.Nf5 Nd3+ 59.Ke4 Nf2+ 60.
Ke3 Nh3 61.Ng3 Nf4 62.Ke4 Ne6 63.Nf5 Nc5+ 64.Kd4 Ne6+ 65.Ke5 Nc5 66.Ne7+ 
Kf7 67.Nd5 Kg6 68.Ne3 Nd3+ 69.Ke4 Nc5+ 70.Kd5 Nd3 71.Ng2 Kf6 72.Kd4 Ne5 
73.Ke4 Ng6 74.Ne3 Nf8 75.Nf5 Kg6 76.Ne7+ 1/2-1/2

[Event "19th Asia-ch (w)"]
[Site "Al-Ain UAE"]
[Date "2015.08.06"]
[Round "5.8"]
[White "Tan Zhongyi"]
[Black "Dauletova, Gulmira"]
[Result "1-0"]
[WhiteElo "2512"]
[BlackElo "2278"]
[EventDate "2015.08.02"]
[PlyCount "56"]

1.d4 Nf6 2.c4 e6 3.g3 d5 4.Bg2 dxc4 5.Nf3 Nc6 6.Qa4 Bb4+ 7.Bd2 Bd6 8.O-O 
O-O 9.Qxc4 e5 10.d5 Ne7 11.Nc3 h6 12.Rfd1 a6 13.e4 b5 14.Qe2 b4 15.Na4 Bd7
16.b3 Bb5 17.Qe1 Bxa4 18.bxa4 a5 19.a3 bxa3 20.Bc1 Bb4 21.Qe2 Qd6 22.Nd2 
Ng6 23.Nc4 Qd7 24.Nxa3 Qe7 25.Nb5 Rfc8 26.Bh3 Rcb8 27.Qc2 Ne8 28.Be3 Rd8 
1-0

[Event "19th Asia-ch (w)"]
[Site "Al-Ain UAE"]
[Date "2015.08.06"]
[Round "5.9"]
[White "Shen Yang"]
[Black "Enkhtuul, Altanulzii"]
[Result "1-0"]
[WhiteElo "2443"]
[BlackElo "2269"]
[EventDate "2015.08.02"]
[PlyCount "83"]

1.d4 Nf6 2.c4 c5 3.d5 b5 4.cxb5 a6 5.bxa6 g6 6.Nc3 Bg7 7.Nf3 O-O 8.g3 d6 
9.Bg2 Bxa6 10.O-O Nbd7 11.Qc2 Qa5 12.Rd1 Rfb8 13.Bd2 Qb6 14.Rab1 Bc4 15.b3
Bxd5 16.Nxd5 Nxd5 17.Ng5 e6 18.a4 Ra7 19.Ne4 Ne5 20.Be1 Nc6 21.e3 Ncb4 22.
Qc4 Rd8 23.Bf1 h6 24.Rbc1 Kh7 25.g4 Rb7 26.g5 h5 27.Bg2 Rbb8 28.h4 Bb2 29.
Rb1 Bg7 30.Qe2 Qc7 31.Rbc1 Nc6 32.Rb1 Na5 33.Ng3 Nc3 34.Bxc3 Bxc3 35.Nxh5 
Bh8 36.Nf4 Qe7 37.h5 e5 38.hxg6+ fxg6 39.Qg4 exf4 40.Qh4+ Kg7 41.Qh6+ Kg8 
42.Bd5+ 1-0

[Event "19th Asia-ch (w)"]
[Site "Al-Ain UAE"]
[Date "2015.08.06"]
[Round "5.10"]
[White "Asgarizadeh, Minoo"]
[Black "Khademalsharieh, Sarasadat"]
[Result "1/2-1/2"]
[WhiteElo "2180"]
[BlackElo "2412"]
[EventDate "2015.08.02"]
[PlyCount "67"]

1.e4 e5 2.Nf3 Nc6 3.Bb5 f5 4.d3 fxe4 5.dxe4 Nf6 6.O-O Bc5 7.Bxc6 bxc6 8.
Nxe5 O-O 9.Nc3 Qe8 10.Nd3 Bb6 11.e5 Nd5 12.Nxd5 cxd5 13.Re1 Qf7 14.Be3 d4 
15.Bf4 Bb7 16.Qg4 Bd5 17.a4 a5 18.Bg3 Be6 19.Qf4 Bf5 20.Qd2 c5 21.e6 Bxe6 
22.Bd6 Rfc8 23.Ra3 c4 24.Ne5 c3 25.bxc3 dxc3 26.Qe2 Qf6 27.Nd3 Bd4 28.Be5 
Bxe5 29.Qxe5 Qxe5 30.Rxe5 Rab8 31.h3 Rb1+ 32.Kh2 Rd1 33.Rc5 Rxc5 34.Nxc5 
1/2-1/2

[Event "19th Asia-ch (w)"]
[Site "Al-Ain UAE"]
[Date "2015.08.06"]
[Round "5.11"]
[White "Zhang Xiaowen"]
[Black "Hakimifard, Raana"]
[Result "1/2-1/2"]
[WhiteElo "2376"]
[BlackElo "2084"]
[EventDate "2015.08.02"]
[PlyCount "52"]

1.e4 e5 2.Nf3 Nc6 3.Bb5 a6 4.Ba4 Nf6 5.O-O Be7 6.Re1 b5 7.Bb3 O-O 8.a4 Bb7
9.d3 Re8 10.Nbd2 Bf8 11.Nf1 h6 12.c3 d5 13.exd5 Nxd5 14.d4 e4 15.N3d2 Na5 
16.Ba2 b4 17.Nxe4 bxc3 18.Nxc3 Rxe1 19.Qxe1 Nb4 20.Qd1 Nxa2 21.Rxa2 Qf6 
22.Be3 Rd8 23.Qc2 Nc6 24.Qb3 Na5 25.Qc2 Nc6 26.Qb3 Na5 1/2-1/2

[Event "19th Asia-ch (w)"]
[Site "Al-Ain UAE"]
[Date "2015.08.06"]
[Round "5.12"]
[White "Zhai Mo"]
[Black "Le Kieu Thien Kim"]
[Result "1-0"]
[WhiteElo "2406"]
[BlackElo "2226"]
[EventDate "2015.08.02"]
[PlyCount "69"]

1.d4 d5 2.c4 e6 3.Nc3 Be7 4.Bf4 Nf6 5.e3 O-O 6.Nf3 c5 7.Rc1 cxd4 8.Nxd4 
Nc6 9.cxd5 Nxd4 10.Qxd4 Nxd5 11.Nxd5 exd5 12.Bc7 Qe8 13.Be2 Bf6 14.Qd2 d4 
15.exd4 Bg4 16.f3 Bf5 17.d5 Qa4 18.b4 a5 19.bxa5 Rfe8 20.Bb6 Be5 21.g3 Bd6
22.Kf2 Bb4 23.Rc4 Bxd2 24.Rxa4 Bd7 25.Ra3 Bb4 26.Rb3 Bxa5 27.Be3 Re5 28.
Rxb7 Rae8 29.Rxd7 Rxe3 30.Bc4 Rc3 31.Bb3 g5 32.d6 Bb6+ 33.Kg2 Re2+ 34.Kh3 
Rf2 35.Bd1 1-0

[Event "19th Asia-ch (w)"]
[Site "Al-Ain UAE"]
[Date "2015.08.06"]
[Round "5.13"]
[White "Pham Le Thao Nguyen"]
[Black "Nguyen Thi Thanh An"]
[Result "1/2-1/2"]
[WhiteElo "2332"]
[BlackElo "2219"]
[EventDate "2015.08.02"]
[PlyCount "26"]

1.e4 g6 2.d4 Bg7 3.Nc3 d6 4.Be3 Nf6 5.h3 c6 6.g3 Nbd7 7.Bg2 O-O 8.Nge2 e5 
9.O-O Qe7 10.f4 Nb6 11.Qd3 exf4 12.Nxf4 d5 13.e5 Ne8 1/2-1/2

[Event "19th Asia-ch (w)"]
[Site "Al-Ain UAE"]
[Date "2015.08.06"]
[Round "5.14"]
[White "Shamima, Akter Liza"]
[Black "Nakhbaeva, Guliskhan"]
[Result "1-0"]
[WhiteElo "2155"]
[BlackElo "2327"]
[EventDate "2015.08.02"]
[PlyCount "67"]

1.d4 Nf6 2.c4 e6 3.Nc3 Bb4 4.Bg5 c5 5.d5 d6 6.e3 exd5 7.cxd5 Nbd7 8.Bd3 
Qa5 9.Ne2 Nxd5 10.O-O Bxc3 11.bxc3 c4 12.Bc2 O-O 13.Bh4 Nxc3 14.Nxc3 Qxc3 
15.Rc1 Qe5 16.Bg3 Qe6 17.Bxd6 Re8 18.Qd4 b6 19.e4 Ba6 20.f4 f6 21.e5 f5 
22.g4 g6 23.gxf5 gxf5 24.Kf2 Kh8 25.Rg1 Nf6 26.Rg2 Ng4+ 27.Rxg4 fxg4 28.f5
Rf8 29.Bxf8 Rxf8 30.Kg3 Qh6 31.e6+ Qg7 32.e7 Re8 33.f6 Qf7 34.Be4 1-0

[Event "19th Asia-ch (w)"]
[Site "Al-Ain UAE"]
[Date "2015.08.06"]
[Round "5.15"]
[White "Kurbonboeva, Sarvinoz"]
[Black "Al-Rufei, Eman Hassane"]
[Result "1-0"]
[WhiteElo "2264"]
[BlackElo "2088"]
[EventDate "2015.08.02"]
[PlyCount "75"]

1.d4 d5 2.c4 e6 3.Nc3 Nf6 4.cxd5 exd5 5.Bg5 Be7 6.e3 c6 7.Qc2 h6 8.Bh4 O-O
9.Bd3 Re8 10.Nge2 Nh5 11.Bxe7 Qxe7 12.h3 Nd7 13.g4 Nhf6 14.Ng3 Nf8 15.
O-O-O b5 16.Rhg1 g6 17.Rde1 b4 18.Na4 a5 19.f4 Ba6 20.Nf5 Qd8 21.Bxa6 Rxa6
22.Nxh6+ Kg7 23.Nc5 Ra7 24.g5 Ne4 25.Nxe4 Rxe4 26.f5 Nh7 27.Ng4 c5 28.f6+ 
Kh8 29.Nf2 Rh4 30.Kb1 cxd4 31.exd4 Rf4 32.Qd2 Rf5 33.h4 Nf8 34.h5 gxh5 35.
Qe2 Kg8 36.Qb5 Ng6 37.Rh1 Qxf6 38.Re8+ 1-0

[Event "19th Asia-ch (w)"]
[Site "Al-Ain UAE"]
[Date "2015.08.06"]
[Round "5.16"]
[White "Hong Xing"]
[Black "Kulkarni, Bhakti Pradip"]
[Result "0-1"]
[WhiteElo "1882"]
[BlackElo "2262"]
[EventDate "2015.08.02"]
[PlyCount "142"]

1.e4 g6 2.d4 c6 3.Nc3 d5 4.Bg5 Bg7 5.e5 f6 6.exf6 exf6 7.Bf4 Ne7 8.Bd3 Bf5
9.Bxf5 Nxf5 10.Qe2+ Qe7 11.O-O-O Qxe2 12.Ngxe2 Kd7 13.g4 Nd6 14.Ng3 Na6 
15.Nce2 Rhf8 16.c3 Nc7 17.Kc2 Ne6 18.Rde1 f5 19.gxf5 Nxf5 20.Nxf5 Rxf5 21.
Bg3 Ng5 22.Nf4 b6 23.Re2 Re8 24.Rhe1 Rxe2+ 25.Rxe2 Ne4 26.Nd3 g5 27.Be5 
Bf8 28.f4 g4 29.Nf2 Nxf2 30.Rxf2 Bd6 31.Rg2 Bxe5 32.fxe5 h5 33.Kd3 c5 34.
Ke2 cxd4 35.cxd4 Rf4 36.Ke3 Re4+ 37.Kd3 Rf4 38.Ke3 Re4+ 39.Kd3 h4 40.Rf2 
h3 41.Rf1 g3 42.hxg3 Rg4 43.Rf7+ Ke6 44.Rf6+ Ke7 45.Rh6 Rxg3+ 46.Kc2 Rg2+ 
47.Kc3 h2 48.a4 Kf7 49.b3 Kg7 50.Rh4 Kg6 51.Rh8 Kg5 52.Kd3 a6 53.Rh7 b5 
54.axb5 axb5 55.Rh8 b4 56.Rh7 Kf4 57.Rh6 Kg5 58.Rh7 Kg6 59.Rh8 Kg7 60.Rh5 
Rb2 61.e6 Rxb3+ 62.Kc2 Rc3+ 63.Kb2 Kf6 64.Rxh2 Kxe6 65.Rh6+ Kf5 66.Rh4 Kg5
67.Rh8 Kf4 68.Rh5 Ke4 69.Rh4+ Kd3 70.Rg4 Kc4 71.Rh4 Rd3 0-1

[Event "19th Asia-ch (w)"]
[Site "Al-Ain UAE"]
[Date "2015.08.06"]
[Round "5.17"]
[White "Mohota, Nisha"]
[Black "Chu Ruotong"]
[Result "1/2-1/2"]
[WhiteElo "2259"]
[BlackElo "2048"]
[EventDate "2015.08.02"]
[PlyCount "45"]

1.d4 Nf6 2.Nf3 g6 3.g3 Bg7 4.Bg2 d5 5.O-O O-O 6.Ne5 Ng4 7.Nxg4 Bxg4 8.c4 
c6 9.cxd5 cxd5 10.Nc3 Nc6 11.h3 Bd7 12.e3 e6 13.b3 Qa5 14.Bb2 Rfc8 15.Na4 
Ne7 16.Nc3 Rc7 17.Qd3 Rac8 18.Rfc1 Nf5 19.Kh2 b5 20.Bf1 Nd6 21.a3 b4 22.
axb4 Qxb4 23.Ne2 1/2-1/2

[Event "19th Asia-ch (w)"]
[Site "Al-Ain UAE"]
[Date "2015.08.06"]
[Round "5.18"]
[White "Nguyen Thi Mai Hung"]
[Black "Al-Attar, Ghaya"]
[Result "1-0"]
[WhiteElo "2227"]
[BlackElo "1913"]
[EventDate "2015.08.02"]
[PlyCount "99"]

1.d4 Nf6 2.Nf3 g6 3.Bg5 Bg7 4.Nbd2 d6 5.c3 h6 6.Bh4 g5 7.Bg3 Nh5 8.e4 Nxg3
9.hxg3 c5 10.dxc5 dxc5 11.Bc4 Qc7 12.Nxg5 e6 13.Ngf3 Nc6 14.Qe2 Bd7 15.Bd3
O-O-O 16.O-O-O f5 17.exf5 exf5 18.Nc4 Rhe8 19.Qc2 f4 20.Bf5 Rf8 21.Bxd7+ 
Rxd7 22.Rxd7 Qxd7 23.gxf4 Qg4 24.Ne3 Qxf4 25.Qg6 Qc7 26.Rd1 Kb8 27.Nd5 Qf7
28.Qd6+ Kc8 29.Qxc5 Rd8 30.c4 Kb8 31.Re1 Bf8 32.Qe3 Nb4 33.Nxb4 Bxb4 34.
Qe5+ Ka8 35.Re4 Qg6 36.g3 Qb6 37.Nd4 Rc8 38.Qe6 Qc5 39.Nb3 Qf8 40.Rf4 Qh8 
41.Rf7 Rd8 42.Qe4 Rb8 43.a3 Qg8 44.Qd5 Be1 45.Nc5 Qg5+ 46.Qxg5 hxg5 47.Ne6
Rg8 48.Rf5 Kb8 49.Kd1 Ba5 50.Rxa5 1-0

[Event "19th Asia-ch (w)"]
[Site "Al-Ain UAE"]
[Date "2015.08.06"]
[Round "5.19"]
[White "Tania, Sachdev"]
[Black "Liu Manli"]
[Result "1-0"]
[WhiteElo "2390"]
[BlackElo "1995"]
[EventDate "2015.08.02"]
[PlyCount "117"]

1.d4 Nf6 2.c4 e6 3.Nf3 d5 4.Nc3 Be7 5.Bf4 O-O 6.e3 b6 7.cxd5 Nxd5 8.Nxd5 
exd5 9.Bd3 c5 10.dxc5 bxc5 11.O-O Qb6 12.Qc2 h6 13.Rfd1 Nc6 14.a3 Be6 15.
Qe2 Rfd8 16.Rab1 Rac8 17.Bc2 Bf8 18.h3 a5 19.Rbc1 g6 20.Ba4 Bg7 21.Rd2 d4 
22.Bxc6 Rxc6 23.Be5 Bxe5 24.Nxe5 Rcc8 25.exd4 cxd4 26.Rxc8 Rxc8 27.Qe4 Rd8
28.Nc6 Rd6 29.Nxd4 Qc5 30.Qe3 a4 31.Nf3 Qc1+ 32.Kh2 Rxd2 33.Qxd2 Qc7+ 34.
Kg1 Kh7 35.Qd4 Qc2 36.Qe5 Qd3 37.Kh2 Qc2 38.Qd4 Qc7+ 39.Qe5 Qc2 40.Kg1 
Qc1+ 41.Ne1 Qd2 42.Qc3 Qe2 43.Nd3 Bf5 44.Ne5 Qd1+ 45.Kh2 Qd6 46.Qg3 Be6 
47.Ng4 Qd2 48.Nf6+ Kg7 49.Qe5 Kf8 50.Qc5+ Kg7 51.Qe5 Kf8 52.Qb8+ Kg7 53.
Ne8+ Kf8 54.Nc7+ Kg7 55.Nxe6+ fxe6 56.Qa7+ Kf6 57.Qxa4 Qxb2 58.Qb4 Qxb4 
59.axb4 1-0

[Event "19th Asia-ch (w)"]
[Site "Al-Ain UAE"]
[Date "2015.08.06"]
[Round "5.20"]
[White "Hakimifard, Ghazal"]
[Black "Antonova, Nadezhda"]
[Result "1-0"]
[WhiteElo "2219"]
[BlackElo "2011"]
[EventDate "2015.08.02"]
[PlyCount "47"]

1.d4 c5 2.Nf3 e6 3.e4 cxd4 4.Nxd4 Nf6 5.Nc3 Nc6 6.Be2 Bb4 7.Nxc6 bxc6 8.e5
Nd5 9.Bd2 Nxc3 10.bxc3 Bc5 11.Bf4 O-O 12.Bd3 f6 13.O-O Qa5 14.a4 Rb8 15.
Qe2 Be7 16.Rfd1 Bb7 17.Bc4 Rfd8 18.Rxd7 Rxd7 19.Bxe6+ Kh8 20.Bxd7 Qxc3 21.
Rb1 g6 22.Qd2 Qxd2 23.Bxd2 Bd8 24.e6 1-0

[Event "19th Asia-ch (w)"]
[Site "Al-Ain UAE"]
[Date "2015.08.06"]
[Round "5.21"]
[White "Otgonjargal, Sengeravdan"]
[Black "Khalaji, Hanieh"]
[Result "0-1"]
[WhiteElo "2213"]
[BlackElo "1965"]
[EventDate "2015.08.02"]
[PlyCount "62"]

1.e4 c6 2.d4 d5 3.exd5 cxd5 4.Bd3 Nc6 5.c3 g6 6.Bf4 Bg7 7.Nf3 f6 8.O-O Nh6
9.b4 a6 10.Re1 Nf7 11.Bc2 O-O 12.Bb3 e5 13.dxe5 fxe5 14.Bg3 e4 15.Nd4 Kh8 
16.Ne2 d4 17.cxd4 Bg4 18.Nbc3 Nxd4 19.h3 Bh5 20.Rb1 Ng5 21.Qc1 Rc8 22.Qe3 
Nf5 23.Qf4 Nxg3 24.Qxg3 Rf5 25.Qe3 Nf3+ 26.gxf3 Rxf3 27.Qxe4 Qg5+ 28.Kf1 
Rxf2+ 29.Kxf2 Rf8+ 30.Nf4 Rxf4+ 31.Qxf4 Qxf4+ 0-1

[Event "19th Asia-ch (w)"]
[Site "Al-Ain UAE"]
[Date "2015.08.06"]
[Round "5.22"]
[White "Nouman, Amna"]
[Black "Li Yunshan"]
[Result "1-0"]
[WhiteElo "1935"]
[BlackElo "1835"]
[EventDate "2015.08.02"]
[PlyCount "65"]

1.e4 c5 2.c3 Nf6 3.e5 Nd5 4.Nf3 e6 5.Bc4 d6 6.d4 cxd4 7.cxd4 Nc6 8.O-O Be7
9.Qe2 O-O 10.Rd1 Bd7 11.Bd2 Rc8 12.Nc3 Nxc3 13.Bxc3 d5 14.Bd3 Na5 15.Rac1 
Nc4 16.b3 Na3 17.h4 b5 18.Bd2 h6 19.g3 b4 20.Nh2 Qb6 21.Ng4 f6 22.exf6 
Bxf6 23.Nxf6+ Rxf6 24.Rxc8+ Bxc8 25.Bf4 Bd7 26.Be5 Rf7 27.Qh5 Bb5 28.Bg6 
Re7 29.Rc1 Qd8 30.Bf6 Qd6 31.Rc8+ Be8 32.Bxe8 e5 33.Bg6+ 1-0

[Event "19th Asia-ch (w)"]
[Site "Al-Ain UAE"]
[Date "2015.08.06"]
[Round "5.23"]
[White "Al-Zarouni, Kholoud Essa"]
[Black "Ankhchimeg, Bayanmunkh"]
[Result "0-1"]
[WhiteElo "1840"]
[BlackElo "2180"]
[EventDate "2015.08.02"]
[PlyCount "82"]

1.e4 c5 2.c3 Nf6 3.e5 Nd5 4.Nf3 Nc6 5.Bc4 e6 6.d4 cxd4 7.cxd4 d6 8.O-O Be7
9.Qe2 O-O 10.Rd1 Qc7 11.Bd2 Qb6 12.Nc3 Nxc3 13.Bxc3 Bd7 14.Rac1 Rac8 15.
Bd3 Nb4 16.Bb1 Nd5 17.h4 Bc6 18.Ng5 g6 19.Ne4 dxe5 20.dxe5 Nxc3 21.Rxc3 
Bxe4 22.Rb3 Qa5 23.Qxe4 Rfd8 24.Rxd8+ Qxd8 25.Rxb7 Bxh4 26.Qf4 Be7 27.Rxa7
g5 28.Qe4 Qd1+ 29.Kh2 Qh5+ 30.Kg3 f5 31.exf6 Bd6+ 32.f4 gxf4+ 33.Kf2 Bc5+ 
34.Ke1 Qh4+ 35.Kd1 Rd8+ 36.Bd3 Bxa7 37.Qxe6+ Kh8 38.Qe7 Qg4+ 39.Kc2 Qxg2+ 
40.Kc3 Qc6+ 41.Kb3 Rb8+ 0-1

[Event "19th Asia-ch (w)"]
[Site "Al-Ain UAE"]
[Date "2015.08.06"]
[Round "5.25"]
[White "Asil, Odeh"]
[Black "Al-Shaibi, Boshra"]
[Result "1/2-1/2"]
[WhiteElo "1588"]
[BlackElo "1987"]
[EventDate "2015.08.02"]
[PlyCount "119"]

1.e4 c5 2.Nf3 d6 3.Nc3 Nf6 4.Bb5+ Bd7 5.Bxd7+ Nbxd7 6.d3 g6 7.O-O Bg7 8.
Bg5 O-O 9.Qd2 Re8 10.Bh6 Bh8 11.h3 Qa5 12.Nh4 b5 13.a3 b4 14.axb4 Qxb4 15.
f4 a5 16.f5 Ne5 17.Kh1 Nh5 18.Kh2 Nc6 19.g4 Be5+ 20.Kg2 Ng3 21.Rfb1 Nd4 
22.Nf3 Nge2 23.Ra4 Nxf3 24.Qxe2 Nd4 25.Qf2 Qb7 26.fxg6 fxg6 27.Rf1 e6 28.
Rxa5 Rac8 29.Raa1 Bg7 30.Bxg7 Kxg7 31.Qf6+ Kg8 32.Rf2 Rf8 33.Qh4 Rxf2+ 34.
Qxf2 Qxb2 35.Rf1 Qxc2 36.Qxc2 Nxc2 37.Rf6 Ne1+ 38.Kg3 Re8 39.Nb5 d5 40.Nc7
Rb8 41.Nxe6 dxe4 42.Nxc5 exd3 43.Rd6 Rc8 44.Kf2 Rxc5 45.Kxe1 Rc1+ 46.Kd2 
Rc2+ 47.Kd1 Kg7 48.Rxd3 Rh2 49.Ke1 Kh6 50.Kf1 Kg5 51.Kg1 Rb2 52.Rf3 Kh4 
53.Kh1 g5 54.Kg1 Rb4 55.Kg2 Rb1 56.Kh2 Rb2+ 57.Kh1 h5 58.gxh5 Kxh5 59.Kg1 
Kh4 60.Kh1 1/2-1/2

[Event "19th Asia-ch (w)"]
[Site "Al-Ain UAE"]
[Date "2015.08.06"]
[Round "5.26"]
[White "Ezizova, Bagul"]
[Black "Mir Mahmoud, Afamia"]
[Result "0-1"]
[WhiteElo "1518"]
[BlackElo "1949"]
[EventDate "2015.08.02"]
[PlyCount "106"]

1.e4 c5 2.Nf3 e6 3.d4 cxd4 4.Nxd4 Nc6 5.Nxc6 bxc6 6.Be2 Nf6 7.Bg5 Qa5+ 8.
Bd2 Qe5 9.Nc3 Nxe4 10.Nxe4 Qxe4 11.O-O d5 12.Re1 Qh4 13.Be3 Bd6 14.h3 O-O 
15.Qd2 Qf6 16.c4 a5 17.c5 Bc7 18.Bg5 Qg6 19.Bd3 f5 20.Rac1 e5 21.Bc2 e4 
22.Bf4 Qf7 23.Qe3 Be6 24.Rcd1 Rab8 25.b3 Bxf4 26.Qxf4 Qe7 27.Re3 Qxc5 28.
Rc1 Qe7 29.Rg3 Rbd8 30.Bd1 c5 31.Be2 d4 32.Bf1 d3 33.Rd1 Qd6 34.Qg5 Qe5 
35.Re3 h6 36.Qh4 f4 37.Ree1 c4 38.bxc4 Bxc4 39.a3 Qf5 40.Qe7 Rfe8 41.Qa7 
Bb3 42.Rb1 a4 43.Red1 Bxd1 44.Rxd1 Qd7 45.Qa6 Qd4 46.Qb7 Rc8 47.Qb5 Rf8 
48.Qa6 Rc2 49.Qe6+ Kh8 50.Qe7 Rfc8 51.Qe6 Qxf2+ 52.Kh2 e3 53.Bxd3 Qxg2# 
0-1